00544nam a2200145 a 450000100100000000500170001000800410002704000250006810000440009324500830013726000350022030000210025595201050027699900170038100003398920200930070700.0110919s1892 fr 000 0 spa d aDO-SdBNPbspacBNPHU1 aSaunders, Frederick,d1807-1902.95944410aThe story of the discovery of the new world by Columbus /cFrederick Saunders. aLondon :bElliot Stock,c1892. a145 p. ;c23 cm. 001050718MOaGRbGRcCTd2011-09-19iLF1l0o p33989-10r2020-06-25w2020-06-25y1ZNo se presta c33480d33480